[Event "Kuala Lumpur op 5th"]
[Site "Kuala Lumpur"]
[Date "2008.08.19"]
[Round "3"]
[White "Leong, Mun Wan"]
[Black "Capel, Evan Timothy"]
[Result "1-0"]
[WhiteElo "2214"]
[BlackElo "2005"]
[PlyCount "79"]
[EventDate "2008.08.18"]
[EventType "swiss"]
[EventRounds "11"]
[EventCountry "MAS"]
[SourceTitle "CBM 126 Extra"]
[Source "ChessBase"]
[SourceDate "2008.11.05"]
[SourceVersion "1"]
[SourceVersionDate "2008.11.05"]
[SourceQuality "1"]

1. e4 d5 2. exd5 Qxd5 3. Nc3 Qa5 4. d4 Nf6 5. Bc4 Bf5 6. Nf3 e6 7. 0-0 c6 8. Re1 Bb4 9. Bd2 0-0 10. a3 Bxc3 11. Bxc3 Qc7 12. b4 Nbd7 13. h3 b5 14. Bf1 h6 15. Ne5 Nxe5 16. dxe5 Nd5 17. Bd4 Rfd8 18. Bc5 Ne3 19. Bd6 Qxd6 20. Qxd6 Rxd6 21. exd6 Nxc2 22. g4 Nxe1 23. Rxe1 Bg6 24. Bg2 Rd8 25. Rd1 Bc2 26. Rc1 Bb3 27. Rxc6 g6 28. f4 Kg7 29. Kf2 Kf6 30. Ke3 g5 31. fxg5+ hxg5 32. Kd4 Bd1 33. Kc5 Be2 34. Rc7 Bd3 35. Rxa7 e5 36. Bd5 Bg6 37. Re7 Rb8 38. Rb7 Rd8 39. Ra7 e4 40. Re7 1-0

[Event "Kuala Lumpur op 5th"]
[Site "Kuala Lumpur"]
[Date "2008.08.19"]
[Round "4"]
[White "Ong, Way Justin"]
[Black "Leong, Mun Wan"]
[Result "1-0"]
[WhiteElo "2008"]
[BlackElo "2214"]
[PlyCount "87"]
[EventDate "2008.08.18"]
[EventType "swiss"]
[EventRounds "11"]
[EventCountry "MAS"]
[SourceTitle "CBM 126 Extra"]
[Source "ChessBase"]
[SourceDate "2008.11.05"]
[SourceVersion "1"]
[SourceVersionDate "2008.11.05"]
[SourceQuality "1"]

1. e4 c5 2. Nf3 d6 3. Bb5+ Bd7 4. Bxd7+ Qxd7 5. c4 Nc6 6. d4 cxd4 7. Nxd4 Nf6 8. f3 g6 9. Nc3 Bg7 10. Be3 0-0 11. 0-0 a6 12. a4 Qd8 13. Nde2 Qa5 14. Rc1 Rac8 15. b3 Rfe8 16. Qd2 Nd7 17. Rb1 Rf8 18. Rfd1 Rfe8 19. Kh1 Qh5 20. Nf4 Qa5 21. Nfe2 Qh5 22. Nd5 h6 23. Nef4 Qe5 24. Nd3 Qh5 25. g4 Qh4 26. Bf2 Qg5 27. Qe1 Nde5 28. h4 Nxd3 29. Rxd3 Qe5 30. f4 Qe6 31. f5 Qd7 32. Nb6 Qc7 33. Nxc8 Qxc8 34. Qe2 Ne5 35. Rg3 Qc6 36. Re1 Kh7 37. Qd2 gxf5 38. gxf5 Bf6 39. Qf4 Rh8 40. Be3 Bg7 41. f6 exf6 42. Qf5+ Kg8 43. Reg1 Rh7 44. Qxh7+ 1-0

[Event "Kuala Lumpur op 5th"]
[Site "Kuala Lumpur"]
[Date "2008.08.18"]
[Round "1"]
[White "Leong, Mun Wan"]
[Black "Zhang, Zhong"]
[Result "0-1"]
[WhiteElo "2214"]
[BlackElo "2632"]
[PlyCount "92"]
[EventDate "2008.08.18"]
[EventType "swiss"]
[EventRounds "11"]
[EventCountry "MAS"]
[SourceTitle "CBM 126 Extra"]
[Source "ChessBase"]
[SourceDate "2008.11.05"]
[SourceVersion "1"]
[SourceVersionDate "2008.11.05"]
[SourceQuality "1"]

1. e4 c5 2. Nf3 d6 3. d4 cxd4 4. Nxd4 Nf6 5. Nc3 a6 6. Bg5 e6 7. f4 Qb6 8. Qd2 Nc6 9. Nb3 Ng4 10. h3 Qe3+ 11. Qxe3 Nxe3 12. Kd2 Nxf1+ 13. Rhxf1 b5 14. a3 h6 15. Bh4 g5 16. Bg3 gxf4 17. Bxf4 h5 18. Rad1 Rg8 19. Rf2 Ra7 20. Kc1 Ne5 21. Na5 Rc7 22. Kb1 Rg6 23. Rfd2 f6 24. Re1 Rcg7 25. Ree2 Be7 26. Bxe5 dxe5 27. Nc6 Bb7 28. Nxe7 Kxe7 29. b4 Rg3 30. Kb2 Bc6 31. Na2 f5 32. exf5 Rxg2 33. fxe6 Kxe6 34. Nc1 Rxe2 35. Rxe2 Bf3 36. Re1 e4 37. Nd3 Kd5 38. Nf4+ Ke5 39. Nd3+ Kd4 40. Nf4 Rg3 41. h4 Rg4 42. Nxh5 Ke5 43. Re3 Rg6 44. Rc3 Bxh5 45. Rc5+ Kf4 46. Rxh5 e3 0-1

[Event "Olympiad-36"]
[Site "Mallorca"]
[Date "2004.10.23"]
[Round "8"]
[White "Kassis, Antoine"]
[Black "Leong, Mun Wan"]
[Result "0-1"]
[WhiteElo "2221"]
[BlackElo "2205"]
[PlyCount "58"]
[EventDate "2004.10.15"]
[EventType "team-swiss"]
[EventRounds "14"]
[EventCountry "ESP"]
[SourceTitle "CBM 104"]
[Source "ChessBase"]
[SourceDate "2005.01.27"]
[SourceVersion "1"]
[SourceVersionDate "2005.01.27"]
[SourceQuality "1"]
[WhiteTeam "Lebanon"]
[BlackTeam "Malaysia"]
[WhiteTeamCountry "LBN"]
[BlackTeamCountry "MAS"]

1. e4 c5 2. Nf3 d6 3. d4 cxd4 4. Nxd4 Nf6 5. Nc3 g6 6. Be3 Bg7 7. f3 Nc6 8. Qd2 0-0 9. 0-0-0 d5 10. Qe1 e5 11. Nxc6 bxc6 12. exd5 Nxd5 13. Bc5 Bh6+ 14. Kb1 Nxc3+ 15. bxc3 Qa5 16. Bb4 Rb8 17. Ka1 Qa4 18. Bc4 c5 19. Bb3 Qc6 20. Bd5 Qb5 21. Ba3 Qa4 22. Bb2 Qxc2 23. Bb3 Rxb3 24. axb3 Qxb3 25. g4 Be6 26. c4 Qa4+ 27. Kb1 Bxc4 28. Qc3 Ba2+ 29. Ka1 Bb3+ 0-1

[Event "Olympiad-36"]
[Site "Mallorca"]
[Date "2004.10.20"]
[Round "6"]
[White "Leong, Mun Wan"]
[Black "Amer, Karim"]
[Result "1-0"]
[WhiteElo "2205"]
[BlackElo "2250"]
[PlyCount "95"]
[EventDate "2004.10.15"]
[EventType "team-swiss"]
[EventRounds "14"]
[EventCountry "ESP"]
[SourceTitle "CBM 104"]
[Source "ChessBase"]
[SourceDate "2005.01.27"]
[SourceVersion "1"]
[SourceVersionDate "2005.01.27"]
[SourceQuality "1"]
[WhiteTeam "Malaysia"]
[BlackTeam "Pakistan"]
[WhiteTeamCountry "MAS"]
[BlackTeamCountry "PAK"]

1. e4 c5 2. Nf3 Nc6 3. d4 cxd4 4. Nxd4 Nf6 5. Nc3 e5 6. Ndb5 d6 7. Bg5 a6 8. Na3 b5 9. Nd5 Be7 10. Bxf6 Bxf6 11. c3 0-0 12. Nc2 Bg5 13. a4 bxa4 14. Rxa4 a5 15. Bb5 Ne7 16. Nce3 Be6 17. 0-0 g6 18. Nxe7+ Bxe7 19. Bc4 Bd7 20. Ra2 Kh8 21. Qd3 f5 22. Rfa1 fxe4 23. Qxe4 Bg5 24. b4 Bxe3 25. Qxe3 a4 26. b5 Rb8 27. Rb2 Rf4 28. Bf1 Qa5 29. g3 Rff8 30. c4 Bc6 31. Qd2 Qxd2 32. Rxd2 Be4 33. Rxd6 Bc2 34. c5 Rfc8 35. c6 Rc7 36. Rc1 Bf5 37. Rd5 a3 38. Ra1 a2 39. Rxe5 Bb1 40. f4 Kg7 41. Kf2 Kf6 42. Bc4 Ra7 43. Ke3 Re7 44. Kd4 Rd8+ 45. Rd5 Rb8 46. Kc5 Be4 47. Rd6+ Kf5 48. Rxa2 1-0

[Event "Olympiad-36"]
[Site "Mallorca"]
[Date "2004.10.15"]
[Round "1"]
[White "Leong, Mun Wan"]
[Black "Jenni, Florian"]
[Result "0-1"]
[WhiteElo "2205"]
[BlackElo "2503"]
[PlyCount "60"]
[EventDate "2004.10.15"]
[EventType "team-swiss"]
[EventRounds "14"]
[EventCountry "ESP"]
[SourceTitle "CBM 104"]
[Source "ChessBase"]
[SourceDate "2005.01.27"]
[SourceVersion "1"]
[SourceVersionDate "2005.01.27"]
[SourceQuality "1"]
[WhiteTeam "Malaysia"]
[BlackTeam "Switzerland"]
[WhiteTeamCountry "MAS"]
[BlackTeamCountry "SUI"]

1. e4 e5 2. Nf3 Nc6 3. Bb5 a6 4. Ba4 Nf6 5. 0-0 Be7 6. Re1 b5 7. Bb3 0-0 8. c3 d5 9. exd5 Nxd5 10. Nxe5 Nxe5 11. Rxe5 c6 12. d4 Bd6 13. Re1 Qh4 14. g3 Qh3 15. Be3 Bg4 16. Qd3 Rae8 17. Nd2 f5 18. f4 Kh8 19. Bxd5 cxd5 20. Qf1 Qh5 21. a4 bxa4 22. Qxa6 Re6 23. Qb5 g5 24. Qf1 Rfe8 25. Qf2 gxf4 26. gxf4 Qh3 27. Nf1 Bf3 28. Ng3 Rxe3 29. Rxe3 Rxe3 30. Rxa4 Re1+ 0-1